| 000 | 01051nam a2200205 a 4500 | ||
|---|---|---|---|
| 999 |
_c20360 _d20360 |
||
| 005 | 20181117183234.0 | ||
| 008 | 181117s2018 ko ao|||r|||| 00| 0 eng d | ||
| 040 |
_aCO-BoIAVH _cCO-BoIAVH |
||
| 041 | 0 | _aeng | |
| 044 | _ako | ||
| 082 | 0 | 4 | _a333.95068 |
| 111 | 2 |
_aInternational Symposium Future of International Joint Research on Biological Resources _n(12a.: _d24 de abril de 2018: _cSeúl (Corea del sur)) |
|
| 245 | 1 | 4 |
_aThe 12th International Symposium : _bFuture of International Joint Research on Biological Resources / |
| 260 |
_aCorea deel Sur: _bCentro Nacional de Recursos Biológicos. Ministerio de Medio Ambiente, _c2018. |
||
| 300 |
_a340 páginas : _bilustraciones y fotografías ; _c30 x 21 cm. |
||
| 611 | 2 | 0 |
_aInternational Symposium Future of International Joint Research on Biological Resources _d(24 de abril de 2018: _cSeúl (Corea del sur)) _xPrograma |
| 650 | 2 | 6 |
_aRecursos biológicos _vCongresos, conferencias, etc _y2018 |
| 650 | 2 | 6 |
_aBiodiversidad _xCooperación internacional |
| 942 |
_2ddc _cLIBRO |
||